000 00378nam a2200145 i 4500
001 bg
100 1 _aROGALA, Leon
245 0 _aJęzyk niemiecki :
_bpodręcznik dla szkół wyższych /
_cLeon Rogala, Leon Skrzypczuk.
260 _aWarszawa,
_c1980.
700 1 _aSKRZYPCZUK, Leon
040 _cBPK
041 _apol
942 _cKS
008 s pl f |000 0 pol
999 _c1478
_d1478
856 _uhttp://koha.tu.koszalin.pl/cgi-bin/koha/opac-detail.pl?biblionumber=1478
_yKatalog online BPK